| 000 | 00805cab a2200241 4500 | ||
|---|---|---|---|
| 001 | WB3116-64 | ||
| 008 | 090401t1995 xxu||||| |||| 00| 0 eng d | ||
| 035 | _a(Sirsi) u57655 | ||
| 041 | _aeng | ||
| 245 | _aIndex to end varied valuations | ||
| 260 | _c1995 | ||
| 350 | _a0 | ||
| 490 |
_aWestern Morning News _v22 April 1995, HL1(1) |
||
| 520 | _aExamines a new monthly index of residential property exchanges in the Plymouth area following the lead set in Exeter by the Nirak Property Index. | ||
| 650 | _aCOMPARABLES | ||
| 650 | _aHOUSE PRICES | ||
| 650 | _aNIRAK PROPERTY INDEX | ||
| 650 | _aPLYMOUTH AREA SURVEYORS AND ESTATE AGENTS ASSOCIATION | ||
| 650 | _aPROPERTY INDEXES | ||
| 690 | _aPROPERTY-RESIDENTIAL PROPERTY-RESIDENTIAL PROPERTY MARKET | ||
| 942 | _n0 | ||
| 948 | _c04/03/1997 | ||
| 999 |
_c35179 _d35179 |
||